| 000 | 00577nam a2200181Ia 4500 | ||
|---|---|---|---|
| 003 | GCL | ||
| 008 | 140319s9999 xx 000 0 eng d | ||
| 020 | _a0789203537 | ||
| 040 |
_aGCL / _cGCL |
||
| 082 | 0 | 4 |
_a738.082 _bP P |
| 100 | 1 | _aPETERSON, SUSAN | |
| 245 | 1 | 0 |
_aPOTTERY BY AMERICAN INDIAN WOMEN / _cPETERSON, SUSAN |
| 260 |
_a[S.N] : _bTHE NATIONAL MUSEUM OF WOSMIN IN THE ART ، _c1997 |
||
| 300 |
_a224 P _bILL. ؛ _c26 cm. |
||
| 650 | 0 | 4 | _aINDIAN POTTERY - NORTH AMERICAN - EXHIBITIONS |
| 650 | 0 | 4 | _aINDIAN WOMEN POTTERY - NORTH AMERICA - EXHIBITIONS |
| 942 |
_2ddc _cBK |
||
| 999 |
_c4717 _d4717 |
||